000 01110cam a2200217 4500
001 WB3826-16
008 020717n2002 000 0 eng u
035 _a(Sirsi) u118883
245 _aModernising company law
260 _c2002
490 _aDTI Press Notice
_v(P/2002/457) 16 July 2002, (3)
520 _a"Modernising company law", the government white paper, is the most far-reaching review of company law in 150 years and is the first part of the government's response to the company law review. Key proposals include new rules relating to the duties of directors in respect of company audits; reduced obligations for private companies; directors' duties set out clearly in statute for the first time. The white paper is available at http://www.dti.gov.uk/companiesbill/whitepaper.htm http://www.nds.coi.gov.uk/coi/coipress.nsf/4eb388ccc4bff3e880256bf4003360fb/32824420bee51d2680256bf80039c686?OpenDocument
590 _aWB
650 _aCOMPANY LAW
650 _aCOMPANIES
650 _aPRIVATE COMPANIES
650 _aAUDITORS
650 _aDIRECTORS
690 _aLAW-UK
942 _n0
999 _c70759
_d70759